| 000 | 00649nam a2200133Ia 4500 | ||
|---|---|---|---|
| 008 | 220620s9999||||xx |||||||||||||| ||und|| | ||
| 022 | _a3029743 | ||
| 100 | _aAnastasius Gavras||Alex Galis | ||
| 245 | 4 | _aThe Future Internet: Future Internet Assembly 2013: Validated Results and New Horizons | |
| 546 | _aEnglish[eng] | ||
| 650 | _aInformation Systems Applications (incl.Internet)||Information Storage and Retrieval||Computers and Society||Multimedia Information Systems||Management of Computing and Information Systems||Computer Communication Networks | ||
| 856 | _uhttp://link.springer.com/openurl?genre=book&isbn=978-3-642-38081-5 | ||
| 942 | _cEB | ||
| 999 |
_c27888 _d27888 |
||